MARC details
| 000 -CABECERA |
| campo de control de longitud fija |
01031nam a2200241 a 4500 |
| 001 - NÚMERO DE CONTROL |
| campo de control |
000041022 |
| 005 - FECHA Y HORA DE LA ÚLTIMA TRANSACCIÓN |
| campo de control |
20201002034546.0 |
| 008 - DATOS DE LONGITUD FIJA--INFORMACIÓN GENERAL |
| campo de control de longitud fija |
130913s2000 sp 001 0 spa d |
| 020 ## - NÚMERO INTERNACIONAL ESTÁNDAR DEL LIBRO |
| Número Internacional Estándar del Libro |
8400078764 |
| 040 ## - FUENTE DE LA CATALOGACIÓN |
| Centro catalogador/agencia de origen |
DO-SdBNP |
| Lengua de catalogación |
spa |
| Centro/agencia transcriptor |
BNPHU |
| 100 1# - ENTRADA PRINCIPAL--NOMBRE DE PERSONA |
| Nombre de persona |
Vega, Lope de, |
| Fechas asociadas al nombre |
1562-1635 |
| 9 (RLIN) |
3084 |
| 245 13 - MENCIÓN DE TÍTULO |
| Título |
El bosque de amor ; |
| Resto del título |
El labrador de la Mancha : autos sacramentales inéditos / |
| Mención de responsabilidad, etc. |
Lope de Vega ; introducción edición y notas de Agustín de la Granja. |
| 260 ## - PUBLICACIÓN, DISTRIBUCIÓN, ETC. |
| Lugar de publicación, distribución, etc. |
Madrid : |
| Nombre del editor, distribuidor, etc. |
Consejo Superior de Investigaciones Científicas, |
| Fecha de publicación, distribución, etc. |
2000. |
| 300 ## - DESCRIPCIÓN FÍSICA |
| Extensión |
356 p. ; |
| Dimensiones |
24 cm. |
| 490 1# - MENCIÓN DE SERIE |
| Mención de serie |
Biblioteca de filología hispánica ; |
| Designación de volumen o secuencia |
24 |
| 500 ## - NOTA GENERAL |
| Nota general |
Incluye índice |
| 504 ## - NOTA DE BIBLIOGRAFÍA, ETC. |
| Nota de bibliografía, etc. |
Incluye referencias bibliográficas y notas al pie de las páginas |
| 700 1# - PUNTO DE ACCESO ADICIONAL--NOMBRE DE PERSONA |
| Nombre de persona |
Granja, Agustín de la. |
| Término indicativo de función/relación |
ed. |
| 9 (RLIN) |
67490 |
| 700 1# - PUNTO DE ACCESO ADICIONAL--NOMBRE DE PERSONA |
| Nombre de persona |
Vega, Lope de, |
| Fechas asociadas al nombre |
1562-1635. |
| Título de la obra |
Labrador de la Mancha. |
| 9 (RLIN) |
67491 |
| 710 2# - PUNTO DE ACCESO ADICIONAL--NOMBRE DE ENTIDAD CORPORATIVA |
| Nombre de entidad corporativa o nombre de jurisdicción como elemento de entrada |
Consejo Superior de Investigaciones Científicas, |
| 9 (RLIN) |
4786 |
| 740 02 - PUNTO DE ACCESO ADICIONAL--TÍTULO RELACIONADO O ANALÍTICO NO CONTROLADO |
| Título relacionado o analítico no controlado |
Labrador de la Mancha. |
| 830 #0 - PUNTO DE ACCESO ADICIONAL DE SERIE-TÍTULO UNIFORME |
| Título uniforme |
Biblioteca de filología hispánica ; |
| Designación de volumen o secuencia |
24 |
| 9 (RLIN) |
67489 |